Intonacija v russkoj dialogičeskoj reči.

Uložené v:
Podrobná bibliografia
Hlavný autor: Muchanov, I.L
Médium: Kniha
Jazyk:Slovak
Vydané: 1987.
Tagy: Pridať tag
Žiadne tagy, Buďte prvý kto otaguje tento záznam!

MARC

LEADER 00000nam a22000004a 4500
001 000525933
005 20161031091713.0
008 161031s1987 xo e 000 0 slo d
040 |a SVKKK  |b slo  |c SVKKK  |e AACR2 
100 1 |a Muchanov, I.L. 
245 1 0 |a Intonacija v russkoj dialogičeskoj reči. 
260 |c 1987. 
500 |a Záznam revízie 
910 |a svkkk 
998 |a BK 
090 |g SCKHL  |k Sklad Hlavná 10 prízemie  |a I.57408  |j 755837  |i 2720389840  |s Absenčne